000 00293nam a22001337a 4500
008 170612b xxu||||| |||| 00| 0 eng d
020 _a2900813343722
041 _aeng
080 _a324
100 _a19
101 _aSHP
245 _aINTERNATIONAL STUDIES
_cANDERSON, SH
942 _2udc
_cBK
999 _c16911
_d16911